[Event "EYCC Open-U14 2019"]
[Site "Bratislava"]
[Date "2019.08.07"]
[Round "6.12"]
[White "Guz, Ari"]
[Black "Morgunov, Marc"]
[Result "1/2-1/2"]
[WhiteElo "2165"]
[BlackElo "2314"]
[Annotator "NA"]
[PlyCount "53"]
[EventDate "2019.08.02"]
[EventType "swiss"]
[EventCountry "SVK"]
[SourceTitle "playchess.com"]
[Source "ChessBase"]
[SourceQuality "1"]
[TimeControl "40/5400+30:1800+30"]

1. c4 {[%emt 0:00:00]} Nf6 {[%emt 0:00:00]} 2. Nc3 {[%emt 0:00:00]} g6 {[%emt 0:00:00]} 3. g3 {[%emt 0:00:00]} Bg7 {[%emt 0:00:00]} 4. Bg2 {[%emt 0:00:06]} d6 {[%emt 0:00:00]} 5. d4 {[%emt 0:00:07]} O-O {[%emt 0:00:06]} 6. Nf3 {[%emt 0:00:05]} Nc6 {[%emt 0:00:04]} 7. O-O {[%emt 0:00:08]} a6 {[%emt 0:00:03]} 8. b3 {[%emt 0:14:46]} Rb8 {[%emt 0:06:20]} 9. d5 {[%emt 0:21:17]} Na5 {[%emt 0:16:54]} 10. Bd2 {[%emt 0:03:46]} c5 {[%emt 0:06:56]} 11. dxc6 {[%emt 0:00:09]} Nxc6 {[%emt 0:00:09]} 12. Rc1 {[%emt 0:00:15]} Bd7 {[%emt 0:02:30]} 13. Nd5 {[%emt 0:07:35]} b5 {[%emt 0:15:50]} 14. Bc3 {[%emt 0:02:13]} Ne8 {[%emt 0:14:00]} 15. Qd2 {[%emt 0:05:53]} e5 {[%emt 0:03:10]} 16. cxb5 {[%emt 0:01:05]} Rxb5 {[%emt 0:00:10]} 17. Ne3 {[%emt 0:09:35]} Qb8 {[%emt 0:04:35]} 18. Bb2 {[%emt 0:02:51]} Nf6 {[%emt 0:01:45]} 19. Ng5 {[%emt 0:07:06]} Nd4 {[%emt 0:10:18]} 20. Bxd4 {[%emt 0:05:57]} exd4 {[%emt 0:00:06]} 21. Nc2 {[%emt 0:00:07]} Qb6 {[%emt 0:01:56]} 22. h4 {[%emt 0:01:37]} Ng4 {[%emt 0:01:58]} 23. Rcd1 {[%emt 0:00:49]} Ra5 {[%emt 0:10:25]} 24. Nxd4 {[%emt 0:02:00]} Bxd4 {[%emt 0:00:27]} 25. Qxd4 {[%emt 0:00:16]} Qxd4 {[%emt 0:00:22]} 26. Rxd4 {[%emt 0:00:19]} Rxa2 {[%emt 0:00:32]} 27. Rxd6 {[%emt 0:02:06]} 1/2-1/2

[Event "EYCC Open-U14 2019"]
[Site "Bratislava"]
[Date "2019.08.07"]
[Round "6.13"]
[White "Pozzari, Simone"]
[Black "Kirillov, Dmitry"]
[Result "0-1"]
[WhiteElo "2179"]
[BlackElo "2244"]
[Annotator "NA"]
[PlyCount "74"]
[EventDate "2019.08.02"]
[EventType "swiss"]
[EventCountry "SVK"]
[SourceTitle "playchess.com"]
[Source "ChessBase"]
[SourceQuality "1"]
[TimeControl "40/5400+30:1800+30"]

1. d4 {[%emt 0:00:00]} d5 {[%emt 0:00:00]} 2. Bf4 Nf6 {[%emt 0:00:00]} 3. e3 {[%emt 0:00:00]} e6 {[%emt 0:00:00]} 4. Nd2 {[%emt 0:00:00]} c5 {[%emt 0:00:00]} 5. c3 {[%emt 0:00:00]} Nc6 {[%emt 0:00:00]} 6. Ngf3 {[%emt 0:00:03]} Bd6 {[%emt 0:00:08]} 7. Bg3 {[%emt 0:00:06]} O-O {[%emt 0:00:05]} 8. Bb5 {[%emt 0:00:04]} Ne7 {[%emt 0:17:12]} 9. Bd3 {[%emt 0:00:34]} b6 {[%emt 0:01:07]} 10. e4 {[%emt 0:02:16]} dxe4 {[%emt 0:21:06]} 11. Nxe4 {[%emt 0:00:06]} Nxe4 {[%emt 0:00:21]} 12. Bxe4 {[%emt 0:00:06]} Rb8 {[%emt 0:00:03]} 13. dxc5 {[%emt 0:01:32]} Bxg3 {[%emt 0:00:10]} 14. Qxd8 {[%emt 0:06:58]} Rxd8 {[%emt 0:11:08]} 15. hxg3 {[%emt 0:00:08]} bxc5 {[%emt 0:00:19]} 16. Bxh7+ {[%emt 0:04:09]} Kf8 {[%emt 0:00:04]} 17. Bc2 {[%emt 0:00:34]} g6 {[%emt 0:01:27]} 18. b3 {[%emt 0:01:59]} Bb7 {[%emt 0:00:52]} 19. Ng5 {[%emt 0:14:55]} Kg8 {[%emt 0:07:23]} 20. Be4 {[%emt 0:02:11]} c4 {[%emt 0:06:52]} 21. bxc4 {[%emt 0:05:55]} Ba6 {[%emt 0:10:15]} 22. O-O {[%emt 0:25:38]} Bxc4 {[%emt 0:00:08]} 23. Rfd1 {[%emt 0:01:11]} f6 {[%emt 0:05:31]} 24. Rxd8+ {[%emt 0:02:49]} Rxd8 {[%emt 0:00:09]} 25. Nf3 {[%emt 0:00:05]} f5 {[%emt 0:00:50]} 26. Bc2 {[%emt 0:00:28]} Nd5 {[%emt 0:01:30]} 27. Ne5 {[%emt 0:01:17]} Ba6 {[%emt 0:00:13]} 28. c4 {[%emt 0:02:51]} Nc3 {[%emt 0:00:19]} 29. Bb3 {[%emt 0:05:50]} Kg7 {[%emt 0:00:42]} 30. Nc6 {[%emt 0:00:52]} Rd2 {[%emt 0:06:20]} 31. Nxa7 {[%emt 0:13:09]} Ne4 {[%emt 0:00:04]} 32. Rc1 {[%emt 0:08:05]} Rxf2 {[%emt 0:03:06]} 33. c5 {[%emt 0:00:36]} Rd2 {[%emt 0:00:44]} 34. c6 {[%emt 0:00:57]} Nxg3 {[%emt 0:02:08]} 35. Bc4 {[%emt 0:00:01]} Bxc4 {[%emt 0:04:00]} 36. Rxc4 {[%emt 0:00:02]} f4 {[%emt 0:00:05]} 37. c7 {[%emt 0:00:36]} Rd1+ 0-1

[Event "EYCC Open-U14 2019"]
[Site "Bratislava"]
[Date "2019.08.07"]
[Round "6.14"]
[White "Laptii, Nazar"]
[Black "Tadic, Stefan"]
[Result "0-1"]
[WhiteElo "2133"]
[BlackElo "2262"]
[Annotator "NA"]
[PlyCount "118"]
[EventDate "2019.08.02"]
[EventType "swiss"]
[EventCountry "SVK"]
[SourceTitle "playchess.com"]
[Source "ChessBase"]
[SourceQuality "1"]
[TimeControl "40/5400+30:1800+30"]

1. e4 {[%emt 0:00:00]} c5 {[%emt 0:00:00]} 2. Nf3 {[%emt 0:00:00]} Nc6 {[%emt 0:00:00]} 3. d3 {[%emt 0:00:00]} g6 {[%emt 0:00:22]} 4. g3 {[%emt 0:00:00]} Bg7 {[%emt 0:00:03]} 5. Bg2 {[%emt 0:00:02]} e6 {[%emt 0:01:31]} 6. O-O {[%emt 0:00:08]} d5 {[%emt 0:02:11]} 7. Nbd2 {[%emt 0:01:00]} Nf6 {[%emt 0:00:19]} 8. c3 {[%emt 0:00:30]} O-O {[%emt 0:05:29]} 9. Re1 {[%emt 0:00:10]} a5 {[%emt 0:00:21]} 10. a4 {[%emt 0:00:40]} b6 {[%emt 0:03:29]} 11. exd5 {[%emt 0:00:13]} exd5 {[%emt 0:05:38]} 12. Nb1 {[%emt 0:01:08]} Bf5 {[%emt 0:05:10]} 13. Na3 {[%emt 0:01:24]} Qd7 {[%emt 0:10:41]} 14. Nb5 {[%emt 0:08:28]} Rfe8 {[%emt 0:02:52]} 15. Rxe8+ {[%emt 0:01:05]} Rxe8 {[%emt 0:02:26]} 16. Bf4 {[%emt 0:02:01]} Bh3 {[%emt 0:05:34]} 17. Qd2 {[%emt 0:28:05]} Bxg2 {[%emt 0:06:57]} 18. Kxg2 {[%emt 0:00:12]} d4 {[%emt 0:03:19]} 19. cxd4 {[%emt 0:23:47]} Nxd4 {[%emt 0:03:40]} 20. Nbxd4 {[%emt 0:01:11]} cxd4 {[%emt 0:00:05]} 21. Be5 {[%emt 0:14:09]} Nd5 {[%emt 0:05:27]} 22. Bxg7 {[%emt 0:00:07]} Kxg7 {[%emt 0:00:04]} 23. Rc1 {[%emt 0:00:33]} Qxa4 {[%emt 0:12:57]} 24. Rc4 {[%emt 0:00:05]} Qb5 {[%emt 0:03:17]} 25. Rxd4 {[%emt 0:00:13]} Nb4 {[%emt 0:00:38]} 26. Qc3 {[%emt 0:02:28]} Kg8 {[%emt 0:01:25]} 27. Qd2 {[%emt 0:06:07]} Qc6 {[%emt 0:00:33]} 28. Qh6 {[%emt 0:00:58]} Nc2 {[%emt 0:04:56]} 29. Rh4 {[%emt 0:06:00]} Ne1+ {[%emt 0:00:05]} 30. Kf1 {[%emt 0:00:06]} Nxf3 {[%emt 0:00:24]} 31. Qxh7+ {[%emt 0:01:46]} Kf8 {[%emt 0:00:00]} 32. Qh6+ {[%emt 0:01:03]} Ke7 {[%emt 0:00:02]} 33. Re4+ {[%emt 0:01:47]} Kd8 {[%emt 0:00:52]} 34. Rxe8+ {[%emt 0:00:54]} Qxe8 {[%emt 0:01:55]} 35. Qf4 {[%emt 0:00:10]} Ne5 {[%emt 0:02:22]} 36. d4 {[%emt 0:00:47]} Nd7 {[%emt 0:00:47]} 37. d5 {[%emt 0:00:29]} Qe7 {[%emt 0:01:05]} 38. h4 {[%emt 0:00:37]} Qf6 {[%emt 0:01:17]} 39. Qc1 {[%emt 0:00:35]} Nc5 {[%emt 0:01:24]} 40. Qc2 {[%emt 0:00:00]} Qf3 {[%emt 0:00:00]} 41. Kg1 {[%emt 0:02:03]} Qxd5 {[%emt 0:01:44]} 42. Qc3 {[%emt 0:00:25]} Nd7 {[%emt 0:04:06]} 43. Qc1 {[%emt 0:01:39]} b5 {[%emt 0:01:37]} 44. Qc3 {[%emt 0:01:17]} b4 {[%emt 0:00:09]} 45. Qe1 {[%emt 0:00:10]} Qd4 {[%emt 0:01:58]} 46. Qa1 {[%emt 0:00:21]} Qe5 {[%emt 0:07:12]} 47. Qa4 {[%emt 0:00:12]} Kc7 {[%emt 0:01:21]} 48. Qa2 {[%emt 0:00:16]} f5 {[%emt 0:01:54]} 49. Qc4+ {[%emt 0:01:03]} Kb6 {[%emt 0:02:17]} 50. b3 {[%emt 0:00:39]} Qe1+ {[%emt 0:00:19]} 51. Kh2 {[%emt 0:00:12]} Qxf2+ {[%emt 0:00:05]} 52. Kh3 {[%emt 0:00:04]} Nc5 {[%emt 0:00:44]} 53. Qd5 {[%emt 0:00:37]} Qf1+ {[%emt 0:00:11]} 54. Kh2 {[%emt 0:00:12]} Qe2+ {[%emt 0:00:04]} 55. Kh3 {[%emt 0:00:08]} Qf1+ {[%emt 0:00:51]} 56. Kh2 {[%emt 0:00:08]} Qd3 {[%emt 0:00:07]} 57. Qa8 {[%emt 0:02:23]} Qd6 {[%emt 0:00:20]} 58. Qg8 {[%emt 0:00:20]} Ne4 {[%emt 0:00:07]} 59. Kh1 {[%emt 0:00:51]} Qd1+ {[%emt 0:00:05]} 0-1

[Event "EYCC Open-U14 2019"]
[Site "Bratislava"]
[Date "2019.08.07"]
[Round "6.15"]
[White "Jun, Rudolf Jr."]
[Black "Gnojek, Petr"]
[Result "0-1"]
[WhiteElo "2200"]
[BlackElo "2246"]
[Annotator "NA"]
[PlyCount "80"]
[EventDate "2019.08.02"]
[EventType "swiss"]
[EventCountry "SVK"]
[SourceTitle "playchess.com"]
[Source "ChessBase"]
[SourceQuality "1"]
[TimeControl "40/5400+30:1800+30"]

1. e4 {[%emt 0:00:00]} c5 {[%emt 0:00:00]} 2. Nf3 {[%emt 0:00:00]} e6 {[%emt 0:00:00]} 3. c4 {[%emt 0:04:28]} Nc6 {[%emt 0:00:07]} 4. Nc3 {[%emt 0:00:51]} Nge7 {[%emt 0:00:25]} 5. Be2 {[%emt 0:02:14]} Nd4 {[%emt 0:00:36]} 6. O-O {[%emt 0:04:04]} Nec6 {[%emt 0:00:58]} 7. d3 {[%emt 0:05:26]} g6 {[%emt 0:00:53]} 8. Rb1 {[%emt 0:04:07]} Bg7 {[%emt 0:01:35]} 9. Nb5 {[%emt 0:03:00]} Nxb5 {[%emt 0:01:25]} 10. cxb5 {[%emt 0:00:06]} Nd4 {[%emt 0:00:03]} 11. b4 {[%emt 0:01:02]} d6 {[%emt 0:01:05]} 12. bxc5 {[%emt 0:02:36]} dxc5 {[%emt 0:00:05]} 13. Nxd4 {[%emt 0:00:13]} Bxd4 {[%emt 0:00:58]} 14. Bh6 {[%emt 0:03:25]} g5 {[%emt 0:02:47]} 15. h4 {[%emt 0:05:13]} gxh4 {[%emt 0:00:44]} 16. Qd2 {[%emt 0:04:28]} Rg8 {[%emt 0:00:53]} 17. Be3 {[%emt 0:08:51]} e5 {[%emt 0:02:05]} 18. Bxd4 {[%emt 0:08:14]} Qxd4 {[%emt 0:00:52]} 19. Kh2 {[%emt 0:01:15]} Bg4 {[%emt 0:01:16]} 20. Bxg4 {[%emt 0:03:43]} Rxg4 {[%emt 0:00:09]} 21. Qe2 {[%emt 0:02:59]} h5 {[%emt 0:04:53]} 22. b6 {[%emt 0:06:18]} a6 {[%emt 0:00:38]} 23. Qf3 {[%emt 0:00:13]} Ke7 {[%emt 0:02:04]} 24. Qf5 {[%emt 0:10:33]} Rag8 {[%emt 0:03:18]} 25. g3 {[%emt 0:02:24]} R4g5 {[%emt 0:04:46]} 26. Qf3 {[%emt 0:01:34]} R8g6 {[%emt 0:00:57]} 27. Rbd1 {[%emt 0:10:02]} Rf6 {[%emt 0:02:55]} 28. Qe2 {[%emt 0:01:29]} Rxf2+ {[%emt 0:01:47]} 29. Qxf2 {[%emt 0:00:58]} Qxf2+ {[%emt 0:00:06]} 30. Rxf2 {[%emt 0:00:07]} hxg3+ {[%emt 0:00:04]} 31. Kg2 {[%emt 0:00:08]} gxf2+ {[%emt 0:00:05]} 32. Kxf2 {[%emt 0:00:09]} Rg6 {[%emt 0:01:29]} 33. Rb1 {[%emt 0:00:06]} h4 {[%emt 0:00:08]} 34. Rc1 {[%emt 0:03:56]} Rxb6 {[%emt 0:03:07]} 35. Rxc5 {[%emt 0:00:05]} Rb2+ {[%emt 0:00:05]} 36. Kf3 {[%emt 0:00:06]} Kd6 {[%emt 0:00:19]} 37. Rd5+ {[%emt 0:00:49]} Ke6 {[%emt 0:00:07]} 38. Kg4 {[%emt 0:00:27]} Rxa2 {[%emt 0:02:51]} 39. Kxh4 {[%emt 0:00:21]} b5 {[%emt 0:00:35]} 40. Kg3 {[%emt 0:00:00]} b4 {[%emt 0:00:00]} 0-1

[Event "EYCC Open-U14 2019"]
[Site "Bratislava"]
[Date "2019.08.07"]
[Round "6.16"]
[White "Fule, Simon"]
[Black "Trofimov, Pavel"]
[Result "0-1"]
[WhiteElo "2184"]
[BlackElo "2151"]
[Annotator "NA"]
[PlyCount "52"]
[EventDate "2019.08.02"]
[EventType "swiss"]
[EventCountry "SVK"]
[SourceTitle "playchess.com"]
[Source "ChessBase"]
[SourceQuality "1"]
[TimeControl "40/5400+30:1800+30"]

1. e4 {[%emt 0:00:00]} c5 {[%emt 0:00:00]} 2. Nf3 {[%emt 0:00:00]} d6 {[%emt 0:00:01]} 3. d4 {[%emt 0:00:00]} cxd4 {[%emt 0:00:37]} 4. Nxd4 {[%emt 0:00:00]} Nf6 {[%emt 0:00:06]} 5. Nc3 {[%emt 0:00:08]} a6 {[%emt 0:00:05]} 6. f3 {[%emt 0:00:05]} e5 {[%emt 0:00:40]} 7. Nb3 {[%emt 0:00:06]} Be7 {[%emt 0:00:20]} 8. Be3 {[%emt 0:00:27]} Be6 {[%emt 0:00:05]} 9. Qd2 {[%emt 0:01:04]} O-O {[%emt 0:00:06]} 10. O-O-O {[%emt 0:01:25]} Nbd7 {[%emt 0:00:08]} 11. g4 {[%emt 0:01:43]} b5 {[%emt 0:01:15]} 12. Rg1 {[%emt 0:02:47]} Nb6 {[%emt 0:12:09]} 13. Na5 {[%emt 0:18:27]} Qc7 {[%emt 0:11:00]} 14. Qf2 {[%emt 0:04:25]} Nfd7 {[%emt 0:18:41]} 15. Nb3 {[%emt 0:15:47]} b4 {[%emt 0:03:28]} 16. Nd5 {[%emt 0:00:53]} Bxd5 {[%emt 0:00:05]} 17. exd5 {[%emt 0:00:06]} a5 {[%emt 0:00:02]} 18. Qd2 {[%emt 0:08:02]} Nf6 {[%emt 0:07:21]} 19. Bxb6 {[%emt 0:08:19]} Qxb6 {[%emt 0:00:25]} 20. Bh3 {[%emt 0:00:15]} a4 {[%emt 0:01:17]} 21. Na1 {[%emt 0:00:07]} Ra5 {[%emt 0:01:27]} 22. g5 {[%emt 0:07:13]} Nxd5 {[%emt 0:05:57]} 23. Rg4 {[%emt 0:03:03]} a3 {[%emt 0:02:56]} 24. Nb3 {[%emt 0:00:23]} axb2+ {[%emt 0:00:52]} 25. Kxb2 {[%emt 0:00:10]} Rxa2+ {[%emt 0:01:04]} 26. Kxa2 {[%emt 0:00:13]} Qa7+ {[%emt 0:00:06]} 0-1

[Event "EYCC Open-U14 2019"]
[Site "Bratislava"]
[Date "2019.08.07"]
[Round "6.17"]
[White "Shoshin, Kirill"]
[Black "Pasztor, Balazs"]
[Result "1/2-1/2"]
[WhiteElo "2089"]
[BlackElo "2140"]
[Annotator "NA"]
[PlyCount "104"]
[EventDate "2019.08.02"]
[EventType "swiss"]
[EventCountry "SVK"]
[SourceTitle "playchess.com"]
[Source "ChessBase"]
[SourceQuality "1"]
[TimeControl "40/5400+30:1800+30"]

1. d4 {[%emt 0:00:00]} Nf6 {[%emt 0:00:00]} 2. c4 {[%emt 0:00:00]} e6 {[%emt 0:00:00]} 3. Nc3 {[%emt 0:00:00]} Bb4 {[%emt 0:00:26]} 4. e3 {[%emt 0:00:00]} b6 {[%emt 0:00:33]} 5. Bd3 {[%emt 0:00:00]} Bb7 {[%emt 0:00:17]} 6. Nge2 {[%emt 0:00:00]} Bxg2 {[%emt 0:01:05]} 7. Rg1 {[%emt 0:00:00]} Bf3 {[%emt 0:00:35]} 8. Qc2 {[%emt 0:00:00]} Nc6 {[%emt 0:01:17]} 9. a3 {[%emt 0:00:46]} Bd6 {[%emt 0:03:01]} 10. Ng3 {[%emt 0:08:11]} Ng4 {[%emt 0:03:23]} 11. h3 {[%emt 0:02:07]} Nh2 {[%emt 0:01:19]} 12. Nb5 {[%emt 0:14:40]} Qh4 {[%emt 0:07:44]} 13. Ne4 {[%emt 0:07:48]} Bxe4 {[%emt 0:05:37]} 14. Bxe4 {[%emt 0:00:03]} Qxh3 {[%emt 0:06:26]} 15. Qe2 {[%emt 0:01:15]} O-O {[%emt 0:14:20]} 16. Nxd6 {[%emt 0:00:22]} cxd6 {[%emt 0:00:21]} 17. Rg3 {[%emt 0:03:03]} Qh4 {[%emt 0:07:30]} 18. Bg2 {[%emt 0:00:02]} Rac8 {[%emt 0:08:35]} 19. Rh3 {[%emt 0:06:10]} Qg5 {[%emt 0:03:02]} 20. Rxh2 {[%emt 0:01:27]} Na5 {[%emt 0:02:02]} 21. Qd3 {[%emt 0:08:11]} Qg6 {[%emt 0:02:02]} 22. Qxg6 {[%emt 0:00:18]} hxg6 {[%emt 0:00:20]} 23. Bd2 {[%emt 0:00:25]} Nxc4 {[%emt 0:03:44]} 24. b3 {[%emt 0:00:18]} Na5 {[%emt 0:02:49]} 25. Bxa5 {[%emt 0:00:34]} bxa5 {[%emt 0:00:05]} 26. Kd2 {[%emt 0:00:20]} Rb8 {[%emt 0:01:25]} 27. Rah1 {[%emt 0:01:52]} f6 {[%emt 0:00:38]} 28. Rh8+ {[%emt 0:00:02]} Kf7 {[%emt 0:00:08]} 29. Rxf8+ {[%emt 0:00:03]} Rxf8 {[%emt 0:00:07]} 30. Rc1 {[%emt 0:00:19]} Rb8 {[%emt 0:03:45]} 31. Rc7 {[%emt 0:02:51]} Rxb3 {[%emt 0:00:18]} 32. a4 {[%emt 0:00:24]} Rb2+ {[%emt 0:01:07]} 33. Ke1 {[%emt 0:00:04]} Rb1+ {[%emt 0:00:11]} 34. Ke2 {[%emt 0:01:20]} Rb2+ {[%emt 0:00:06]} 35. Kf3 {[%emt 0:15:19]} Rb4 {[%emt 0:03:05]} 36. Rxd7+ {[%emt 0:01:03]} Kf8 {[%emt 0:00:17]} 37. Rxd6 {[%emt 0:01:15]} Ke7 {[%emt 0:01:58]} 38. Ra6 {[%emt 0:00:06]} Rxa4 {[%emt 0:00:07]} 39. Rxa7+ {[%emt 0:00:03]} Kd6 {[%emt 0:01:00]} 40. Rxg7 {[%emt 0:00:00]} g5 {[%emt 0:00:00]} 41. Kg3 {[%emt 0:05:28]} Ra1 {[%emt 0:00:58]} 42. Ra7 {[%emt 0:00:11]} a4 {[%emt 0:00:20]} 43. Ra6+ {[%emt 0:00:08]} Ke7 {[%emt 0:00:20]} 44. Bb7 {[%emt 0:01:27]} a3 {[%emt 0:00:35]} 45. Bc8 {[%emt 0:00:44]} a2 {[%emt 0:01:11]} 46. Kf3 {[%emt 0:01:51]} Rc1 {[%emt 0:00:59]} 47. Ra7+ {[%emt 0:01:11]} Kd6 {[%emt 0:01:47]} 48. Ra6+ {[%emt 0:00:59]} Ke7 {[%emt 0:00:11]} 49. Rxa2 {[%emt 0:00:08]} Rxc8 {[%emt 0:00:13]} 50. Ra7+ {[%emt 0:00:12]} Kd6 {[%emt 0:00:37]} 51. Rf7 {[%emt 0:00:14]} f5 {[%emt 0:00:47]} 52. Ra7 {[%emt 0:00:28]} Rc2 {[%emt 0:00:36]} 1/2-1/2

[Event "EYCC Open-U14 2019"]
[Site "Bratislava"]
[Date "2019.08.07"]
[Round "6.18"]
[White "Stalmach, Richard"]
[Black "Revaliente Montoya, Ciro"]
[Result "0-1"]
[WhiteElo "2381"]
[BlackElo "1917"]
[Annotator "NA"]
[PlyCount "108"]
[EventDate "2019.08.02"]
[EventType "swiss"]
[EventCountry "SVK"]
[SourceTitle "playchess.com"]
[Source "ChessBase"]
[SourceQuality "1"]
[TimeControl "40/5400+30:1800+30"]

1. d4 {[%emt 0:00:00]} Nf6 {[%emt 0:00:00]} 2. c4 {[%emt 0:00:00]} d6 {[%emt 0:00:00]} 3. Nc3 {[%emt 0:00:02]} e5 {[%emt 0:00:05]} 4. e3 {[%emt 0:01:14]} e4 {[%emt 0:06:11]} 5. Nge2 {[%emt 0:12:53]} Bf5 {[%emt 0:03:49]} 6. h4 {[%emt 0:05:15]} h6 7. Nf4 {[%emt 0:01:09]} g6 {[%emt 0:12:37]} 8. Be2 {[%emt 0:11:20]} h5 {[%emt 0:01:35]} 9. b3 {[%emt 0:17:05]} Bg7 {[%emt 0:04:31]} 10. Bb2 {[%emt 0:00:07]} O-O {[%emt 0:00:06]} 11. Qd2 {[%emt 0:04:23]} c6 {[%emt 0:08:09]} 12. O-O-O {[%emt 0:06:12]} a5 {[%emt 0:04:09]} 13. f3 {[%emt 0:08:29]} Qd7 {[%emt 0:05:31]} 14. Rdg1 {[%emt 0:02:32]} exf3 {[%emt 0:02:59]} 15. gxf3 {[%emt 0:04:33]} d5 {[%emt 0:01:05]} 16. Nd3 {[%emt 0:01:08]} Qe7 {[%emt 0:03:32]} 17. Ne5 {[%emt 0:05:21]} Nbd7 {[%emt 0:01:25]} 18. Bd3 {[%emt 0:01:26]} Bxd3 {[%emt 0:03:24]} 19. Qxd3 {[%emt 0:00:13]} Rfd8 {[%emt 0:07:52]} 20. cxd5 {[%emt 0:04:06]} Nxe5 {[%emt 0:02:17]} 21. dxe5 {[%emt 0:00:30]} Nxd5 {[%emt 0:00:15]} 22. Qe4 {[%emt 0:08:00]} Bxe5 {[%emt 0:04:59]} 23. Nxd5 {[%emt 0:00:42]} Rxd5 {[%emt 0:00:01]} 24. Kb1 {[%emt 0:00:29]} Qf6 {[%emt 0:01:15]} 25. Rg2 {[%emt 0:00:58]} Bxb2 {[%emt 0:04:12]} 26. Rxb2 {[%emt 0:00:00]} Re5 {[%emt 0:00:09]} 27. Qf4 {[%emt 0:01:50]} Qxf4 {[%emt 0:01:54]} 28. exf4 {[%emt 0:00:00]} Rf5 {[%emt 0:00:01]} 29. Rd2 {[%emt 0:00:58]} Rxf4 {[%emt 0:01:28]} 30. Rd7 {[%emt 0:00:27]} b5 {[%emt 0:00:28]} 31. Rc7 {[%emt 0:00:38]} Rxf3 {[%emt 0:00:46]} 32. Rxc6 {[%emt 0:00:05]} a4 {[%emt 0:00:17]} 33. b4 {[%emt 0:01:28]} Rf4 {[%emt 0:02:07]} 34. a3 {[%emt 0:00:05]} Rf3 {[%emt 0:00:09]} 35. Rb6 {[%emt 0:00:40]} Rxa3 {[%emt 0:00:05]} 36. Rxb5 {[%emt 0:00:04]} Rf3 {[%emt 0:00:16]} 37. Rh2 {[%emt 0:00:21]} Re8 {[%emt 0:01:56]} 38. Rb7 {[%emt 0:02:18]} Rb3+ {[%emt 0:00:55]} 39. Ka2 {[%emt 0:00:11]} Ree3 {[%emt 0:00:41]} 40. Rf2 {[%emt 0:00:00]} f5 41. Rc2 {[%emt 0:07:32]} Rec3 {[%emt 0:05:30]} 42. Rxc3 {[%emt 0:03:19]} Rxc3 {[%emt 0:00:02]} 43. Ra7 {[%emt 0:00:05]} Rc4 {[%emt 0:05:26]} 44. Ka3 {[%emt 0:03:03]} f4 45. Kxa4 {[%emt 0:09:18]} f3 {[%emt 0:04:51]} 46. Kb5 {[%emt 0:02:16]} f2 {[%emt 0:05:55]} 47. Ra1 {[%emt 0:00:13]} Rxh4 {[%emt 0:00:06]} 48. Kc5 {[%emt 0:03:49]} Rf4 {[%emt 0:00:07]} 49. Rf1 {[%emt 0:00:03]} g5 {[%emt 0:01:13]} 50. b5 {[%emt 0:00:05]} g4 {[%emt 0:00:11]} 51. b6 {[%emt 0:00:05]} g3 {[%emt 0:00:06]} 52. b7 {[%emt 0:00:03]} Rf8 {[%emt 0:00:03]} 53. Kd4 {[%emt 0:00:11]} g2 {[%emt 0:00:15]} 54. Rxf2 {[%emt 0:00:06]} g1=Q {[%emt 0:00:04] Rg2+} 0-1

[Event "EYCC Open-U14 2019"]
[Site "Bratislava"]
[Date "2019.08.07"]
[Round "6.19"]
[White "Poltorak, Sebastian"]
[Black "Musyuk, Lior"]
[Result "1-0"]
[WhiteElo "2068"]
[BlackElo "2236"]
[Annotator "NA"]
[PlyCount "81"]
[EventDate "2019.08.02"]
[EventType "swiss"]
[EventCountry "SVK"]
[SourceTitle "playchess.com"]
[Source "ChessBase"]
[SourceQuality "1"]
[TimeControl "40/5400+30:1800+30"]

1. d4 {[%emt 0:00:00]} Nf6 {[%emt 0:00:00]} 2. c4 {[%emt 0:00:00]} e6 {[%emt 0:00:00]} 3. Nc3 {[%emt 0:00:00]} d5 {[%emt 0:00:10]} 4. cxd5 {[%emt 0:00:00]} Nxd5 {[%emt 0:00:29]} 5. e4 {[%emt 0:00:03]} Nxc3 {[%emt 0:00:19]} 6. bxc3 {[%emt 0:00:09]} c5 {[%emt 0:00:17]} 7. Nf3 {[%emt 0:02:08]} cxd4 {[%emt 0:00:17]} 8. cxd4 {[%emt 0:00:05]} Bb4+ {[%emt 0:00:11]} 9. Bd2 {[%emt 0:00:05]} Bxd2+ {[%emt 0:00:17]} 10. Qxd2 {[%emt 0:00:10]} O-O {[%emt 0:00:23]} 11. Bc4 {[%emt 0:01:05]} Nc6 {[%emt 0:04:32]} 12. O-O {[%emt 0:00:11]} b6 {[%emt 0:00:41]} 13. Rad1 {[%emt 0:00:57]} Bb7 {[%emt 0:02:50]} 14. Rfe1 {[%emt 0:01:25]} Rc8 {[%emt 0:05:23]} 15. Qf4 {[%emt 0:08:00]} Na5 {[%emt 0:08:12]} 16. Bd3 {[%emt 0:01:21]} Qf6 {[%emt 0:04:59]} 17. Qg3 {[%emt 0:04:22]} h6 {[%emt 0:11:19]} 18. d5 {[%emt 0:02:04]} exd5 {[%emt 0:04:31]} 19. e5 {[%emt 0:01:18]} Qe7 {[%emt 0:00:55]} 20. e6 {[%emt 0:14:12]} fxe6 {[%emt 0:01:35]} 21. Qg6 {[%emt 0:01:24]} Qf6 {[%emt 0:01:44]} 22. Qh7+ {[%emt 0:04:36]} Kf7 {[%emt 0:00:09]} 23. Bg6+ {[%emt 0:03:46]} Ke7 {[%emt 0:01:25]} 24. Nd4 {[%emt 0:00:53]} Rc6 {[%emt 0:11:30]} 25. Nxc6+ {[%emt 0:03:41]} Nxc6 {[%emt 0:00:31]} 26. f4 {[%emt 0:06:27]} Kd6 {[%emt 0:03:09]} 27. Bh5 {[%emt 0:06:09]} Rc8 {[%emt 0:13:23]} 28. Bg4 {[%emt 0:09:14]} Nd8 {[%emt 0:00:49]} 29. Qd3 {[%emt 0:01:34]} Qxf4 {[%emt 0:04:22]} 30. Qe2 {[%emt 0:03:27]} Qf6 {[%emt 0:05:37]} 31. Rf1 {[%emt 0:01:16]} Qg6 {[%emt 0:03:52]} 32. Rde1 {[%emt 0:00:45]} Rc2 {[%emt 0:01:53]} 33. Qe5+ {[%emt 0:00:36]} Kd7 {[%emt 0:00:26]} 34. Bh3 {[%emt 0:00:47]} Rd2 {[%emt 0:03:47]} 35. Rf8 {[%emt 0:02:38]} d4 {[%emt 0:00:37]} 36. Rxd8+ {[%emt 0:00:22]} Kxd8 {[%emt 0:00:43]} 37. Qd6+ {[%emt 0:00:05]} Ke8 {[%emt 0:00:16]} 38. Rxe6+ {[%emt 0:00:10]} Qxe6 {[%emt 0:00:16]} 39. Qxe6+ {[%emt 0:00:15]} Kf8 {[%emt 0:00:01]} 40. Qd6+ {[%emt 0:00:00]} Kg8 {[%emt 0:00:00]} 41. Qb8+ {[%emt 0:00:24]} 1-0